| 000 | 00000nam 2200000zi 4500 |
| 001 | 9.867718 |
| 003 | CaOODSP |
| 005 | 20241203113645 |
| 006 | m o d f |
| 007 | cr nn||||||||| |
| 008 | 190129s1987 onca ob f000 0 eng d |
| 040 | |aCaOODSP|beng|erda|cCaOODSP |
| 041 | |aeng|bfre |
| 043 | |an-cn-ab |
| 086 | 1 |aEn13-5/87-02E-PDF |
| 100 | 1 |aPrepas, E. E. |q(Ellie E.), |d1947- |eauthor. |
| 245 | 10|aLong-term effects of copper additions to lakes / |cby E.E. Prepas, T.P. Murphy and P.G. Manning. |
| 264 | 1|a[Burlington, Ontario : |bNational Water Research Institute, |c1987] |
| 300 | |a1 online resource (12 pages, 2 unnumbered pages) : |billustrations. |
| 336 | |atext|btxt|2rdacontent |
| 337 | |acomputer|bc|2rdamedia |
| 338 | |aonline resource|bcr|2rdacarrier |
| 490 | 1 |aNWRI contribution series ; |v87-02 |
| 500 | |aCover title. |
| 500 | |aDigitized edition from print [produced by Environment and Climate Change Canada]. |
| 504 | |aIncludes bibliographical references. |
| 546 | |aIncludes management perspective and summary in French. |
| 693 | 4|aCopper sulfate--Environmental aspects--Alberta--Figure 8 Lake |
| 693 | 4|aContaminated sediments--Alberta--Figure 8 Lake |
| 700 | 1 |aManning, Philip G., |eauthor. |
| 700 | 1 |aMurphy, Thomas P. D. |eauthor.|q(Thomas Patrick Daniel), |d1948- |
| 710 | 1 |aCanada. |bEnvironment Canada. |
| 710 | 2 |aNational Water Research Institute (Canada) |
| 830 | #0|aNWRI contribution ;|v87-02.|w(CaOODSP)9.844121 |
| 856 | 40|qPDF|s871 KB|uhttps://publications.gc.ca/collections/collection_2019/eccc/En13-5-87-02-eng.pdf |